[Event "Hoogovens Wijk aan Zee"]
[Site "?"]
[Date "1998.??.??"]
[Round "1"]
[White "Shirov, Alexei"]
[Black "Topalov, Veselin"]
[Result "1/2-1/2"]
[WhiteElo "2710"]
[BlackElo "2740"]
[PlyCount "75"]
[EventDate "1998.??.??"]
[Source "www.chesslib.no"]
[SourceDate "2004.05.04"]

1. d4 Nf6 2. c4 e6 3. Nf3 c5 4. d5 d6 5. Nc3 exd5 6. cxd5 g6 7. e4 a6 8. h3 Bg7 9. a4 O-O 10. Bd3 Re8 11. O-O c4 12. Bc2 Nbd7 13. Be3 Qc7 14. Qe2 Rb8 15. Ba7 Ra8 16. Be3 Rb8 17. a5 b5 18. axb6 Nxb6 19. Rfc1 Nbd7 20. Nd2 Rb4 21. Ra4 a5 22. Nxc4 Ba6 23. Bd3 Bxc4 24. Bxc4 Nxe4 25. Rxb4 axb4 26. Nxe4 Rxe4 27. Qd3 Rxe3 28. Qxe3 Bxb2 29. Rc2 Bc3 30. Bb5 Nf6 31. Ra2 Qc8 32. Bc6 Qf5 33. Ra8+ Kg7 34. Qe7 Ne4 35. Qf8+ Kf6 36. Qd8+ Kg7 37. Qf8+ Kf6 38. Qd8+ 1/2-1/2

[Event "Antwerpen (Belgium)"]
[Site "?"]
[Date "1997.??.??"]
[Round "7"]
[White "Van Wely Loek"]
[Black "Topalov Veselin"]
[Result "0-1"]
[WhiteElo "2655"]
[BlackElo "2745"]
[PlyCount "72"]
[EventDate "1997.??.??"]
[Source "www.chesslib.no"]
[SourceDate "2004.05.04"]

1. d4 Nf6 2. c4 e6 3. Nf3 c5 4. d5 d6 5. Nc3 exd5 6. cxd5 g6 7. e4 a6 8. a4 Bg4 9. Qb3 Bxf3 10. Qxb7 Nbd7 11. gxf3 Bg7 12. Bf4 Rb8 13. Qxa6 Nh5 14. Bc1 O-O 15. Be2 Be5 16. h4 Nf4 17. Bb5 f5 18. Bxf4 Bxf4 19. Bxd7 Qxd7 20. Qe2 Be5 21. Nb5 Kh8 22. O-O-O fxe4 23. fxe4 Qd8 24. Rd3 Qa5 25. Ra3 Qb4 26. f3 c4 27. Qc2 Rfc8 28. Rf1 Rf8 29. Kb1 Ra8 30. Rc1 Rf4 31. Qe2 Rc8 32. Na7 c3 33. Qb5 c2+ 34. Ka2 Qd2 35. Qf1 Qd4 36. Rb3 Qxa7 0-1

[Event "Wijk aan Zee 71/78"]
[Site "?"]
[Date "1998.??.??"]
[Round "?"]
[White "Van Wely, Loek"]
[Black "Topalov, Veselin"]
[Result "0-1"]
[WhiteElo "2605"]
[BlackElo "2740"]
[PlyCount "96"]
[EventDate "1998.??.??"]
[Source "ChessBase"]
[SourceDate "1997.10.01"]

1. d4 Nf6 2. c4 e6 3. Nf3 c5 4. d5 d6 5. Nc3 exd5 6. cxd5 g6 7. h3 Bg7 8. e4 O-O 9. Bd3 b5 10. Nxb5 Re8 11. Nd2 Nxe4 12. Bxe4 Ba6 13. a4 Qa5 14. Nxd6 Nd7 15. Qc2 f5 16. Nxe8 Rxe8 17. Kd1 fxe4 18. Ra3 c4 19. Re3 Qxd5 20. Rxe4 Rf8 21. f3 Nc5 22. Re7 Bf6 23. Rxa7 c3 24. Rxa6 cxd2 25. Rxf6 dxc1=Q+ 26. Kxc1 Rxf6 27. Rd1 Qc6 28. Kb1 Nxa4 29. Qxc6 Rxc6 30. Rd8+ Kg7 31. Rd7+ Kh6 32. h4 Nc5 33. Rf7 Ne6 34. Ka2 Ra6+ 35. Kb1 Nd4 36. Rf4 Nf5 37. Re4 Rd6 38. Kc2 Ng3 39. Rg4 Nf1 40. Kc3 Ne3 41. Rg5 Nf5 42. Rg4 Kh5 43. b4 Ne3 44. Rd4 Rxd4 45. Kxd4 Nc2+ 46. Ke5 Nxb4 47. Kf6 Nd5+ 48. Kg7 Ne3 0-1

[Event "Monaco Amber-8 Blindfold"]
[Site "Monte Carlo"]
[Date "1999.03.17"]
[Round "2"]
[White "Van Wely, L."]
[Black "Topalov, V."]
[Result "0-1"]
[WhiteElo "2632"]
[BlackElo "2700"]
[PlyCount "158"]
[EventDate "1999.03.??"]
[Source "www.chesslib.no"]
[SourceDate "2004.05.04"]

1. d4 Nf6 2. c4 e6 3. Nf3 c5 4. d5 d6 5. Nc3 exd5 6. cxd5 g6 7. h3 Bg7 8. e4 O-O 9. Bd3 b5 10. Nxb5 Re8 11. O-O Nxe4 12. Bxe4 Rxe4 13. Ng5 Rb4 14. Qf3 Bf5 15. g4 Bf6 16. gxf5 Bxg5 17. fxg6 hxg6 18. Nxd6 Qxd6 19. Bxg5 Nd7 20. Rfe1 Rd4 21. Re7 Qxd5 22. Qxd5 Rxd5 23. Be3 a5 24. Rc1 a4 25. Re4 Ra5 26. Re8+ Kg7 27. Rd8 Kf6 28. h4 Ke7 29. Rc8 Rb5 30. Re1 Kf6 31. Rc7 Rxb2 32. Bf4 Rxa2 33. Re3 Kf5 34. Bg3 f6 35. Kg2 Ne5 36. Bxe5 fxe5 37. Rc6 Rd4 38. Rxc5 Rg4+ 39. Kf3 Rf4+ 40. Kg3 Rg4+ 41. Kf3 Rxh4 42. Rcxe5+ Kf6 43. Re6+ Kg5 44. R3e5+ Kh6 45. Ra5 Ra3+ 46. Kg2 Rg4+ 47. Kf1 Ra1+ 48. Ke2 Rf4 49. Raa6 Ra2+ 50. Ke3 Rg4 51. f3 Ra3+ 52. Kf2 Ra2+ 53. Ke3 Rg1 54. Kf4 Rh2 55. Re4 Rh4+ 56. Ke5 Rxe4+ 57. Kxe4 Ra1 58. Kf4 a3 59. Kg3 Kg5 60. Kg2 Kf5 61. Kg3 Ke5 62. Kg2 g5 63. Ra5+ Kf4 64. Ra4+ Ke3 65. Ra5 Kd3 66. Rxg5 Kc3 67. Rg8 Rb1 68. Rc8+ Kb2 69. Rb8+ Ka1 70. Ra8 a2 71. Kg3 Kb2 72. Kf4 a1=Q 73. Rxa1 Rxa1 74. Ke5 Re1+ 75. Kd5 Rf1 76. Ke4 Kc3 77. f4 Kc4 78. Ke5 Kc5 79. f5 Re1+ 0-1

[Event "Amsterdam"]
[Site "?"]
[Date "1996.??.??"]
[Round "?"]
[White "Piket, Je"]
[Black "Kamsky, Gata"]
[Result "1/2-1/2"]
[WhiteElo "2580"]
[BlackElo "2745"]
[PlyCount "40"]
[EventDate "1996.??.??"]
[Source "ChessBase"]
[SourceDate "1996.06.01"]

1. d4 Nf6 2. Nf3 c5 3. d5 e6 4. c4 exd5 5. cxd5 d6 6. Nc3 g6 7. e4 Bg7 8. h3 O-O 9. Bd3 b5 10. O-O a6 11. Bf4 Re8 12. Re1 Ra7 13. a3 Rae7 14. Qd2 Qb6 15. Re2 Nbd7 16. Rae1 Nh5 17. Be3 Bd4 18. Bc2 Bxe3 19. Rxe3 Ne5 20. Nxe5 Rxe5 1/2-1/2

[Event "Donner"]
[Site "Amsterdam Donner"]
[Date "1996.??.??"]
[Round "5"]
[White "Piket, Jeroen"]
[Black "Kamsky, Gata"]
[Result "1/2-1/2"]
[WhiteElo "2570"]
[BlackElo "2735"]
[PlyCount "40"]
[EventDate "1996.??.??"]
[Source "www.chesslib.no"]
[SourceDate "2004.05.04"]

1. d4 Nf6 2. c4 e6 3. Nf3 c5 4. d5 exd5 5. cxd5 d6 6. Nc3 g6 7. e4 a6 8. h3 b5 9. Bd3 Bg7 10. O-O O-O 11. Re1 Re8 12. Nb1 Ra7 13. Kh1 Rae7 14. Bc2 Qb6 15. Ne5 Nbd7 16. Na3 Nh5 17. Ng4 Bd4 18. Bb1 Bxb2 19. e5 Qb8 20. f3 Rd8 1/2-1/2

[Event "Amber-blind 8th"]
[Site "Monte Carlo"]
[Date "1999.03.22"]
[Round "6"]
[White "Karpov, Anatoly"]
[Black "Ljubojevic, Ljubomir"]
[Result "1-0"]
[WhiteElo "2710"]
[BlackElo "2571"]
[PlyCount "59"]
[EventDate "1999.03.16"]
[Source "ChessBase"]
[SourceDate "1999.05.10"]

1. d4 Nf6 2. c4 e6 3. Nf3 c5 4. d5 exd5 5. cxd5 d6 6. Nc3 g6 7. e4 a6 8. h3 b5 9. Bd3 Nbd7 10. O-O Bg7 11. Bf4 c4 12. Bc2 b4 13. Na4 Qc7 14. e5 dxe5 15. Nxe5 Nxe5 16. Bxe5 Qd8 17. Qd4 O-O 18. Nb6 Rb8 19. Nxc4 Rb5 20. Ne3 Re8 21. Ba4 Rxe5 22. Qxe5 Nxd5 23. Qe4 Nxe3 24. Qxe3 Ra5 25. Rad1 Qf8 26. Qb6 Rxa4 27. Rd8 Rxa2 28. Rfd1 Rxb2 29. Rxf8+ Bxf8 30. Rd8 1-0

[Event "London"]
[Site "?"]
[Date "1984.??.??"]
[Round "?"]
[White "Kortchnoi, V."]
[Black "Nunn, J."]
[Result "1-0"]
[WhiteElo "2635"]
[BlackElo "2600"]
[PlyCount "81"]
[EventDate "1984.??.??"]
[Source "www.chesslib.no"]
[SourceDate "2004.05.04"]

1. d4 Nf6 2. c4 e6 3. Nc3 c5 4. d5 exd5 5. cxd5 g6 6. Nf3 d6 7. Bf4 Bg7 8. Qa4+ Bd7 9. Qb3 Qc7 10. e4 O-O 11. Nd2 Nh5 12. Be3 f5 13. exf5 gxf5 14. Be2 f4 15. Bxc5 f3 16. Bxf3 Rxf3 17. gxf3 Qxc5 18. Qxb7 Bxc3 19. bxc3 Nf4 20. Rg1+ Kf7 21. Ne4 Qxd5 22. Qxd5+ Nxd5 23. Rd1 Bc6 24. c4 Ne7 25. Nxd6+ Ke6 26. Ne4 Bxe4 27. fxe4 Nd7 28. f4 Nf6 29. e5 Ne4 30. Rd4 Kf5 31. Rg7 Nc6 32. Rf7+ Ke6 33. Rdd7 Rb8 34. Ke2 Rb4 35. Rxh7 Rxc4 36. Kd3 Ra4 37. Ke3 Kf5 38. Rdf7+ Ke6 39. Rc7 Kd5 40. Rhd7+ Kc5 41. Rd8 1-0

[Event "Biel SUI"]
[Site "Biel SUI"]
[Date "1995.??.??"]
[Round "?"]
[White "Dreev, Alexey S"]
[Black "Milov, Vadim"]
[Result "1-0"]
[WhiteElo "2650"]
[BlackElo "2580"]
[PlyCount "56"]
[EventDate "1995.??.??"]
[Source "www.chesslib.no"]
[SourceDate "2004.05.04"]

1. d4 Nf6 2. c4 e6 3. Nc3 c5 4. d5 exd5 5. cxd5 d6 6. e4 g6 7. Nf3 a6 8. h3 b5 9. Bd3 Bg7 10. O-O O-O 11. Bf4 Re8 12. Re1 Ra7 13. Qd2 Rae7 14. a3 Nh5 15. Bh2 Qb6 16. Rac1 Nd7 17. b4 c4 18. Bc2 Ne5 19. Nxe5 Bxe5 20. Bd1 Nf6 21. Bxe5 Rxe5 22. Bf3 Nd7 23. Bg4 Nf6 24. Bxc8 Rxc8 25. Kh2 Rce8 26. f3 R5e7 27. a4 Rb8 28. Ra1 bxa4 1-0

[Event "Hastings"]
[Site "?"]
[Date "2000.??.??"]
[Round "?"]
[White "Dreev, A."]
[Black "Emms, J."]
[Result "1-0"]
[WhiteElo "2680"]
[BlackElo "2545"]
[PlyCount "63"]
[EventDate "2000.??.??"]
[Source "Chess Informant"]
[SourceDate "1999.10.01"]

1. d4 Nf6 2. c4 e6 3. Nf3 c5 4. d5 exd5 5. cxd5 d6 6. Nc3 g6 7. e4 a6 8. h3 b5 9. Bd3 Bg7 10. O-O c4 11. Bc2 O-O 12. Bf4 Re8 13. Re1 Bb7 14. a3 Qb6 15. Be3 Qc7 16. Qd2 Nbd7 17. Nh2 Nc5 18. Bd4 Rab8 19. Ng4 Ncd7 20. Ne2 Nxe4 21. Bxe4 Rxe4 22. Bxg7 Kxg7 23. Ng3 Ree8 24. Ne4 f6 25. Qc3 Re5 26. f4 Rf5 27. Ng3 Rxf4 28. Re7+ Kh8 29. Qe3 g5 30. Nh5 Rxg4 31. hxg4 Rf8 32. Rxh7+ 1-0

[Event "RUS"]
[Site "?"]
[Date "2006.04.24"]
[Round "5"]
[White "Brodsky Michail"]
[Black "Volokitin Andrei"]
[Result "1-0"]
[WhiteElo "2561"]
[BlackElo "2660"]
[PlyCount "103"]
[EventDate "2006.??.??"]
[Source "www.chesslib.no"]
[SourceDate "2004.05.04"]

1. d4 Nf6 2. c4 e6 3. Nf3 c5 4. d5 d6 5. Nc3 exd5 6. cxd5 g6 7. e4 a6 8. h3 b5 9. Bd3 Bg7 10. O-O O-O 11. a3 Nbd7 12. Re1 Qe7 13. Bf4 Nh5 14. Bg5 Bf6 15. Bh6 Bg7 16. Bg5 Bf6 17. Bh6 Re8 18. Qd2 Bg7 19. Rad1 Bxh6 20. Qxh6 Qf6 21. Re3 Ne5 22. Bf1 Bd7 23. Nh2 b4 24. Nb1 Rab8 25. b3 a5 26. g3 a4 27. f4 axb3 28. Be2 bxa3 29. Nxa3 b2 30. fxe5 Rxe5 31. Ng4 Bxg4 32. hxg4 Ng7 33. Qf4 Qe7 34. Rb1 Re8 35. Nc4 Rxe4 36. Rxe4 Qxe4 37. Qxe4 Rxe4 38. Rxb2 Ne8 39. Kf2 Kg7 40. Rb8 Nf6 41. Nxd6 Rd4 42. Rb7 Nxd5 43. Rxf7+ Kg8 44. Rb7 Nc3 45. Bc4+ Kh8 46. g5 h5 47. Nf7+ Kg7 48. Ne5+ Kf8 49. Rb8+ Kg7 50. Rg8+ Kh7 51. Rxg6 Ne4+ 52. Ke3 1-0

[Event "II Open Rapid"]
[Site "Canada de Calatrava SPA"]
[Date "2007.04.06"]
[Round "3"]
[White "Karpov, Ana"]
[Black "Marin, M."]
[Result "1-0"]
[WhiteElo "2668"]
[BlackElo "2549"]
[PlyCount "107"]
[EventDate "2007.04.06"]
[Source "www.chesslib.no"]
[SourceDate "2004.05.04"]

1. d4 Nf6 2. c4 c5 3. d5 d6 4. Nc3 g6 5. e4 Bg7 6. Nf3 O-O 7. h3 a6 8. a4 e6 9. Bd3 exd5 10. cxd5 Nbd7 11. O-O Nh5 12. Bg5 f6 13. Bd2 Ne5 14. Be2 f5 15. Nxe5 Bxe5 16. Bxh5 gxh5 17. Qxh5 f4 18. a5 Bd7 19. Na4 Bxa4 20. Rxa4 Qf6 21. Rb1 Rae8 22. Bc3 Kh8 23. Qf3 Rg8 24. Kh1 Qh4 25. Rg1 Rg5 26. Rc4 Rg7 27. Bxe5 Rxe5 28. b4 cxb4 29. Rc8+ Rg8 30. Rxg8+ Kxg8 31. Rb1 Re7 32. Rxb4 Rc7 33. Qg4+ Qxg4 34. hxg4 h6 35. Rb6 Rd7 36. Kh2 Kf7 37. Kh3 Kf6 38. Kh4 Ke5 39. f3 Rc7 40. Kh5 Rc2 41. Rxb7 Rxg2 42. Rf7 Ra2 43. Rf5+ Kd4 44. Rxf4 Rxa5 45. Kxh6 Ra1 46. g5 Rh1+ 47. Kg7 a5 48. Rf6 Kc5 49. Rf8 a4 50. f4 Re1 51. f5 Rxe4 52. f6 Kxd5 53. f7 Rf4 54. Ra8 1-0

[Event "Jugoslavija"]
[Site "?"]
[Date "1997.??.??"]
[Round "?"]
[White "Komarov, D."]
[Black "Leko, P."]
[Result "1/2-1/2"]
[WhiteElo "2615"]
[BlackElo "2600"]
[PlyCount "68"]
[EventDate "1997.??.??"]
[Source "ChessBase"]
[SourceDate "1997.06.01"]

1. d4 Nf6 2. Nf3 e6 3. c4 c5 4. d5 d6 5. Nc3 exd5 6. cxd5 g6 7. h3 Bg7 8. e4 O-O 9. Bd3 b5 10. Bxb5 Nxe4 11. Nxe4 Qa5+ 12. Nfd2 Qxb5 13. Nxd6 Qa6 14. N2c4 Nd7 15. O-O Nb6 16. Nxb6 Qxb6 17. Nxc8 Raxc8 18. Rb1 Rfd8 19. Bf4 Qb7 20. d6 Bf8 21. Qd3 Bxd6 22. Bxd6 Rc6 23. Rfd1 Qd7 24. Qa3 Rxd6 25. Rxd6 Qxd6 26. Qxa7 Re8 27. Qa5 Re2 28. Qc3 Qb6 29. a4 c4 30. Rf1 Qb3 31. Qxb3 cxb3 32. Rb1 Re4 33. Ra1 Re2 34. Rb1 Re4 1/2-1/2

[Event "Monaco (m/7)"]
[Site "?"]
[Date "1994.??.??"]
[Round "?"]
[White "Piket, Je"]
[Black "Ljubojevic, Lj"]
[Result "1/2-1/2"]
[WhiteElo "2605"]
[BlackElo "2600"]
[PlyCount "82"]
[EventDate "1994.??.??"]
[Source "ChessBase"]
[SourceDate "1994.02.01"]

1. d4 Nf6 2. c4 g6 3. Nc3 Bg7 4. e4 d6 5. Nf3 O-O 6. h3 c5 7. d5 e6 8. Bd3 exd5 9. cxd5 Re8 10. O-O c4 11. Bxc4 Nxe4 12. Nxe4 Rxe4 13. Bg5 Qf8 14. Qc2 Re8 15. Rae1 Bf5 16. Qb3 Nd7 17. Rxe8 Qxe8 18. Qxb7 Nb6 19. Bb3 Bxb2 20. Re1 Qc8 21. Qe7 Qd7 22. Bf4 Bc3 23. Re3 Qxe7 24. Rxe7 Bf6 25. Rc7 Bd8 26. Rc1 a5 27. Bxd6 a4 28. Bc2 Rc8 29. Nd4 Nxd5 30. Nxf5 gxf5 31. Re1 Rxc2 32. Re8+ Kg7 33. Rxd8 Nc3 34. Bf8+ Kg6 35. a3 Ne4 36. Be7 f4 37. Rd4 Kf5 38. Bh4 Ke5 39. Rxa4 Rc1+ 40. Kh2 Nd2 41. g3 f3 1/2-1/2

[Event "Munich Intel Express"]
[Site "?"]
[Date "1994.??.??"]
[Round "?"]
[White "Chernin, Alexander M"]
[Black "Arbakov, Valentin"]
[Result "1/2-1/2"]
[WhiteElo "2630"]
[BlackElo "2575"]
[PlyCount "89"]
[EventDate "1994.??.??"]
[Source "www.chesslib.no"]
[SourceDate "2004.05.04"]

1. d4 Nf6 2. Nf3 e6 3. c4 c5 4. d5 exd5 5. cxd5 d6 6. Nc3 a6 7. a4 g6 8. h3 Bg7 9. e4 O-O 10. Bd3 Nbd7 11. O-O Re8 12. Re1 Ne5 13. Nxe5 Rxe5 14. Bf4 Re8 15. Rb1 Nh5 16. Bh2 Qf6 17. Qd2 g5 18. e5 dxe5 19. Ne4 Qg6 20. Qxg5 b6 21. Qxg6 hxg6 22. g4 Nf6 23. Nxf6+ Bxf6 24. f4 e4 25. Bxe4 Bd7 26. f5 gxf5 27. Bxf5 Bxa4 28. d6 Bd4+ 29. Kg2 Bc6+ 30. Kf1 Bb5+ 31. Kg2 Bc6+ 32. Kf1 Bb5+ 33. Kg2 Rxe1 34. Rxe1 Bxb2 35. d7 Rd8 36. Bc7 Rxd7 37. Bxd7 Bxd7 38. Bxb6 c4 39. Re7 Bc6+ 40. Kf2 Bf6 41. Rc7 Bb5 42. Ba5 Be5 43. Rc8+ Kg7 44. h4 Bd7 45. Rxc4 1/2-1/2

[Event "Amsterdam"]
[Site "?"]
[Date "1996.??.??"]
[Round "?"]
[White "Granda Zuniga, J."]
[Black "Timman, J."]
[Result "1/2-1/2"]
[WhiteElo "2610"]
[BlackElo "2590"]
[PlyCount "104"]
[EventDate "1996.??.??"]
[Source "ChessBase"]
[SourceDate "1996.06.01"]

1. d4 Nf6 2. c4 e6 3. Nf3 c5 4. d5 exd5 5. cxd5 d6 6. Nc3 g6 7. e4 Bg7 8. Bd3 Bg4 9. Qa4+ Nfd7 10. Nd2 O-O 11. O-O Ne5 12. Bb1 Bd7 13. Qb3 Na6 14. Nc4 Nxc4 15. Qxc4 Nc7 16. a4 a6 17. Bf4 Qe7 18. Qd3 b5 19. Qg3 Be5 20. Bxe5 dxe5 21. f4 f6 22. Bd3 c4 23. Be2 Qd6 24. fxe5 fxe5 25. Qe3 Rac8 26. Rxf8+ Rxf8 27. a5 Ne8 28. Nd1 Qb4 29. Bf3 Nd6 30. h4 Nb7 31. Kh2 Qe7 32. h5 Nc5 33. Nf2 Nb3 34. Rd1 Qf6 35. Qa7 Qd6 36. Bg4 Bxg4 37. Nxg4 gxh5 38. Ne3 Nd4 39. Kh1 Qf6 40. Nf5 Nxf5 41. exf5 Qd6 42. Qf2 e4 43. Qe3 Rxf5 44. Qxe4 Rf4 45. Qe8+ Kg7 46. Qxh5 Qe7 47. Kg1 Rh4 48. Qf3 Qc5+ 49. Kf1 Rh1+ 50. Ke2 Qe7+ 51. Kf2 Rxd1 52. Qxd1 Qf6+ 1/2-1/2

[Event "Harplinge"]
[Site "Harplinge"]
[Date "1998.08.23"]
[Round "9"]
[White "Hansen, Curt"]
[Black "Emms, John M"]
[Result "1/2-1/2"]
[WhiteElo "2610"]
[BlackElo "2585"]
[PlyCount "57"]
[EventDate "1998.08.15"]
[Source "ChessBase"]
[SourceDate "1998.11.30"]

1. d4 Nf6 2. Nf3 e6 3. c4 c5 4. d5 d6 5. Nc3 exd5 6. cxd5 g6 7. h3 Bg7 8. e4 O-O 9. Bd3 b5 10. Bxb5 Nxe4 11. Nxe4 Qa5+ 12. Nfd2 Qxb5 13. Nxd6 Qa6 14. N2c4 Nd7 15. O-O Nb6 16. Nxb6 Qxb6 17. Nxc8 Raxc8 18. Rb1 Rfd8 19. Bg5 Rd7 20. Qg4 Qb7 21. Rfd1 h5 22. Qf3 Bd4 23. Be3 Qxd5 24. Qxd5 Rxd5 25. Rd2 Rf5 26. Bxd4 cxd4 27. Rbd1 Ra5 28. b3 Rc3 29. h4 1/2-1/2

[Event "34th Olympiad, Istanbul TUR"]
[Site "?"]
[Date "2000.??.??"]
[Round "2"]
[White "Kazhgaleyev, M."]
[Black "Xu Jun"]
[Result "1/2-1/2"]
[WhiteElo "2525"]
[BlackElo "2665"]
[PlyCount "67"]
[EventDate "2000.??.??"]
[Source "www.chesslib.no"]
[SourceDate "2004.05.04"]

1. d4 Nf6 2. c4 e6 3. Nf3 c5 4. d5 exd5 5. cxd5 d6 6. Nc3 g6 7. e4 a6 8. a4 Bg4 9. Qb3 Bxf3 10. gxf3 Qc7 11. Bg5 Nbd7 12. e5 dxe5 13. d6 Bxd6 14. O-O-O e4 15. Kb1 h6 16. Be3 Ne5 17. Qd5 O-O-O 18. Qxe4 Kb8 19. Be2 Nc6 20. Qc2 Nd4 21. Qxg6 fxg6 22. Rc1 Rhe8 23. Bd1 Ne6 24. Bb3 Nf4 25. Bf7 Ng2 26. Rcd1 Nh4 27. a5 Nxf3 28. Rd2 Nxd2+ 29. Kc2 Nc4 30. h4 Nxa5 31. Bd5 Nc6 32. Bxc6 bxc6 33. b4 Rh8 34. Rg1 1/2-1/2

[Event "Cap d'Agde-B"]
[Site "Cap d'Agde"]
[Date "1998.10.27"]
[Round "6"]
[White "Adianto, Utut"]
[Black "Dao Thien Hai"]
[Result "1-0"]
[WhiteElo "2610"]
[BlackElo "2580"]
[PlyCount "61"]
[EventDate "1998.10.??"]
[Source "www.chesslib.no"]
[SourceDate "2004.05.04"]

1. d4 Nf6 2. c4 e6 3. Nf3 c5 4. d5 exd5 5. cxd5 d6 6. Nc3 g6 7. h3 Bg7 8. e4 O-O 9. Bd3 Re8 10. O-O Na6 11. Bf4 Nc7 12. Re1 a6 13. a4 Rb8 14. Bc2 b5 15. e5 Nh5 16. Bh2 dxe5 17. Nxe5 Bd7 18. axb5 axb5 19. Nxd7 Qxd7 20. Rxe8+ Rxe8 21. Ra7 Be5 22. d6 Bxc3 23. bxc3 Qe6 24. g4 Nd5 25. gxh5 Nxc3 26. Qg4 Qd5 27. Re7 Ra8 28. Re1 Qd2 29. Re3 Qxc2 30. d7 Rf8 31. Re8 1-0

[Event "ch-Euro Blitz"]
[Site "Ajaccio FRA"]
[Date "2007.10.25"]
[Round "16"]
[White "Fridman, D2."]
[Black "Cvitan, O."]
[Result "1-0"]
[WhiteElo "2621"]
[BlackElo "2543"]
[PlyCount "92"]
[EventDate "2007.10.25"]
[Source "www.chesslib.no"]
[SourceDate "2004.05.04"]

1. d4 Nf6 2. c4 e6 3. Nf3 c5 4. d5 d6 5. Nc3 exd5 6. cxd5 g6 7. h3 Bg7 8. e4 O-O 9. Bd3 a6 10. a4 Nbd7 11. O-O Nh5 12. Bg5 Bf6 13. Be3 Re8 14. Re1 Ne5 15. Be2 Nxf3+ 16. Bxf3 Ng7 17. Rb1 Rb8 18. Qc2 Bd7 19. Qd2 Rc8 20. Rec1 Qa5 21. Bf4 Be5 22. Bxe5 Rxe5 23. b3 b5 24. axb5 axb5 25. Qf4 b4 26. Nd1 Rce8 27. Qf6 Qc7 28. Ne3 Bb5 29. Ng4 h5 30. Nxe5 Rxe5 31. Ra1 Ne8 32. Ra8 Kh7 33. Qf4 Kg7 34. Rca1 Nf6 35. R1a7 Qb6 36. Ra2 Bd3 37. Rc8 Bxe4 38. Rc6 Qd8 39. Bxe4 Rxe4 40. Qd2 Qe7 41. Ra1 Qe5 42. Rd1 Rd4 43. Qc1 Re4 44. Qa1 Qf4 45. g3 Qf3 46. Rxd6 c4 1-0

[Event "Marseille"]
[Site "Marseille"]
[Date "1990.??.??"]
[Round "7"]
[White "Chernin, Alexander"]
[Black "Hulak, Krunoslav"]
[Result "1/2-1/2"]
[WhiteElo "2600"]
[BlackElo "2560"]
[PlyCount "56"]
[EventDate "1990.06.??"]
[Source "ChessBase"]

1. d4 Nf6 2. c4 c5 3. d5 d6 4. Nc3 g6 5. e4 Bg7 6. Bd3 O-O 7. h3 e6 8. Nf3 exd5 9. cxd5 Re8 10. O-O c4 11. Bc2 b5 12. a3 a6 13. Re1 Nbd7 14. Be3 Bb7 15. Qd2 Rc8 16. Rad1 Nc5 17. Bg5 Qb6 18. e5 Nfd7 19. e6 fxe6 20. dxe6 Nxe6 21. Be3 Ndc5 22. Nd4 Qd8 23. Nxe6 Nxe6 24. Bh6 Rc7 25. Bxg7 Rxg7 26. Qxd6 Qxd6 27. Rxd6 Rge7 28. f3 Nc5 1/2-1/2

[Event "Reykjavik"]
[Site "?"]
[Date "1988.??.??"]
[Round "?"]
[White "Petursson, M."]
[Black "Portisch, L."]
[Result "1-0"]
[WhiteElo "2530"]
[BlackElo "2630"]
[PlyCount "67"]
[EventDate "1988.??.??"]
[Source "ChessBase"]
[SourceDate "1988.07.01"]

1. d4 Nf6 2. c4 e6 3. Nf3 c5 4. d5 exd5 5. cxd5 d6 6. Nc3 g6 7. Bf4 a6 8. e4 b5 9. Qe2 Nh5 10. Bg5 f6 11. Be3 Nd7 12. g4 Ng7 13. h4 Nb6 14. Nd2 h5 15. gxh5 Nxh5 16. Rg1 Kf7 17. f4 b4 18. Nd1 f5 19. Qg2 Rh6 20. Nf2 Qf6 21. O-O-O Bg7 22. Nd3 Bb7 23. Be2 Rg8 24. e5 Qd8 25. Bf3 Qa8 26. Bxh5 gxh5 27. Qg5 Nxd5 28. Qxf5+ Ke8 29. exd6 Qc8 30. Qe4+ Kf8 31. Bxc5 Kf7 32. Nc4 Re6 33. Qf5+ Nf6 34. Qg6+ 1-0

[Event "Open, Ubeda ESP"]
[Site "?"]
[Date "2001.??.??"]
[Round "5"]
[White "Comas Fabrego, L."]
[Black "Akopian, V."]
[Result "0-1"]
[WhiteElo "2505"]
[BlackElo "2655"]
[PlyCount "58"]
[EventDate "2001.??.??"]
[Source "www.chesslib.no"]
[SourceDate "2004.05.04"]

1. d4 e6 2. c4 Nf6 3. Nf3 c5 4. d5 exd5 5. cxd5 d6 6. Nc3 g6 7. e4 Bg7 8. h3 O-O 9. Bg5 h6 10. Be3 Re8 11. Bd3 c4 12. Bc2 b5 13. a3 Na6 14. O-O b4 15. axb4 Nxb4 16. Rxa7 Rxa7 17. Bxa7 Bxh3 18. gxh3 Nxc2 19. Qxc2 Qd7 20. Ra1 Qxh3 21. Ne1 Re5 22. f4 Qg3+ 23. Ng2 Rh5 24. Ne2 Qh3 25. Kf1 Qf3+ 26. Kg1 Ng4 27. Ra3 c3 28. bxc3 Rh2 29. Ne1 Qh3 0-1

[Event "Foment op"]
[Site "?"]
[Date "1998.09.30"]
[Round "2"]
[White "De Freitas, Rames Fialho"]
[Black "Olde, H."]
[Result "1-0"]
[WhiteElo "2625"]
[BlackElo "2530"]
[PlyCount "55"]
[EventDate "1998.??.??"]
[Source "www.chesslib.no"]
[SourceDate "2004.05.04"]

1. d4 Nf6 2. Nf3 e6 3. c4 c5 4. d5 d6 5. Nc3 exd5 6. cxd5 g6 7. e4 Bg7 8. h3 O-O 9. Bd3 b5 10. Bxb5 Nxe4 11. Nxe4 Qa5+ 12. Nfd2 Qxb5 13. Nxd6 Qa6 14. N2c4 Rd8 15. Bf4 Nd7 16. O-O Nb6 17. Nxb6 Qxb6 18. Nxc8 Raxc8 19. Rb1 Qb4 20. Qf3 Qc4 21. d6 Qxa2 22. Ra1 Qe6 23. Rxa7 Bxb2 24. Re7 Qf5 25. g4 Qf6 26. Rfe1 Bc3 27. g5 Qg7 28. d7 1-0

[Event "Narciso Yepes, Lorca ESP"]
[Site "?"]
[Date "2001.??.??"]
[Round "6"]
[White "Rustemov, A."]
[Black "Suba, M."]
[Result "1-0"]
[WhiteElo "2625"]
[BlackElo "2530"]
[PlyCount "145"]
[EventDate "2001.??.??"]
[Source "www.chesslib.no"]
[SourceDate "2004.05.04"]

1. d4 Nf6 2. Nf3 e6 3. c4 c5 4. d5 d6 5. Nc3 exd5 6. cxd5 g6 7. e4 a6 8. h3 b5 9. Bd3 Bg7 10. O-O O-O 11. a3 Bb7 12. Bf4 Nh5 13. Be3 Nd7 14. Qd2 Rc8 15. Rac1 Re8 16. Rfe1 c4 17. Bc2 Qa5 18. Bd4 Qd8 19. Rcd1 Ne5 20. Nxe5 Bxe5 21. g3 Qd7 22. Kh2 Rcd8 23. Ne2 Bc8 24. Ng1 Re7 25. Re3 Rde8 26. Rde1 Ng7 27. f4 Bxd4 28. Qxd4 Qa7 29. Qxa7 Rxa7 30. Kg2 Bd7 31. Nf3 a5 32. Nd4 b4 33. e5 dxe5 34. fxe5 Rd8 35. Be4 Rc7 36. g4 Be8 37. Nf3 Rc5 38. Rc1 Rb8 39. Kg3 Rbc8 40. Nd4 Ba4 41. Ra1 c3 42. b3 Be8 43. axb4 axb4 44. Nc2 Rb8 45. Rd3 Rcb5 46. Ra7 h6 47. Rd4 R5b6 48. Rc7 Kf8 49. Kf4 f6 50. exf6 Rxf6+ 51. Ke5 Rfb6 52. Rcc4 Bb5 53. Rxb4 g5 54. Rd1 h5 55. Kd4 Bd7 56. Rxb6 Rxb6 57. Kxc3 hxg4 58. hxg4 Ne8 59. Ne3 Nd6 60. Bd3 Rb8 61. Rh1 Be8 62. Rh6 Rd8 63. Kd4 Nf7 64. Rb6 Ra8 65. b4 Ke7 66. Nf5+ Kd8 67. d6 Bd7 68. Be4 Ra4 69. Rb8+ Bc8 70. Bd5 Nxd6 71. Nxd6 Kc7 72. Rxc8+ Kxd6 73. Rc6+ 1-0

[Event "Belgrade-Moscow"]
[Site "?"]
[Date "1998.??.??"]
[Round "1"]
[White "Shipov, Sergei"]
[Black "Velimirovic, Dragoljub"]
[Result "1/2-1/2"]
[WhiteElo "2620"]
[BlackElo "2535"]
[PlyCount "78"]
[EventDate "1998.??.??"]
[Source "www.chesslib.no"]
[SourceDate "2004.05.04"]

1. d4 c5 2. d5 Nf6 3. c4 g6 4. Nc3 Bg7 5. e4 d6 6. h3 O-O 7. Bd3 e6 8. Nf3 exd5 9. cxd5 b5 10. Bxb5 Nxe4 11. Nxe4 Qa5+ 12. Nfd2 Qxb5 13. Nxd6 Qa6 14. N2c4 Nd7 15. O-O Nb6 16. Nxb6 Qxb6 17. Nxc8 Raxc8 18. Rb1 Rfd8 19. Bf4 Qb7 20. d6 Bf8 21. Qd3 Bxd6 22. Bxd6 Rc6 23. Rfd1 Rcxd6 24. Qxd6 Rxd6 25. Rxd6 c4 26. Rd2 c3 27. Rc2 Qe4 28. Rbc1 cxb2 29. Rxb2 h5 30. g3 a5 31. Rb3 Qd5 32. Rcb1 Qd2 33. a3 Qc2 34. Rb8+ Kg7 35. Re1 Qc3 36. Re3 Qc1+ 37. Kg2 Qc6+ 38. Kg1 Qc1+ 39. Kg2 Qc6+ 1/2-1/2